logo

Bir Sreshtho Munshi Abdur Rouf Library
Jhenaidah Cadet College

Introduction to psychology / (Record no. 4767)

MARC details
000 -LEADER
fixed length control field 00673cam a2200253 a 4500
001 - CONTROL NUMBER
JCCL Control Number 4767
003 - CONTROL NUMBER IDENTIFIER
JCCL marc code BD-JhCC
005 - DATE AND TIME OF LATEST TRANSACTION
control field 20221124134023.0
008 - FIXED-LENGTH DATA ELEMENTS--GENERAL INFORMATION
fixed length control field 851119s1966 enka 001 0 eng d
035 ## - SYSTEM CONTROL NUMBER
system control number (BD-JhCC)
035 ## - SYSTEM CONTROL NUMBER
system control number 2381904
040 ## - CATALOGING SOURCE
Original cataloging agency XNLS
Transcribing agency XNLS
Modifying agency BD-JhCC
041 ## - LANGUAGE CODE
Language code of Book eng
082 04 - DEWEY DECIMAL CLASSIFICATION NUMBER
Classification number 150
Author mark and Year MUN 1966
100 1# - MAIN ENTRY--PERSONAL NAME
Personal name Munn, Norman L.
245 10 - TITLE STATEMENT
Title Introduction to psychology /
Statement of responsibility, etc Norman L. Munn : L. Dodge Fernald, Peter S. Fernald
260 ## - PUBLICATION, DISTRIBUTION, ETC. (IMPRINT)
Place of publication, distribution, etc London :
Name of publisher, distributor, etc Newnes,
Date of publication, distribution, etc 1966.
300 ## - PHYSICAL DESCRIPTION
Pagination 752p. :
Other physical details ill. ;
Dimensions 24cm.
650 #0 - SUBJECT ADDED ENTRY--TOPICAL TERM
Topical term or geographic name as entry element Psychology.
700 ## - ADDED ENTRY--PERSONAL NAME
Personal name Fernald, L. Dodge
700 ## - ADDED ENTRY--PERSONAL NAME
Personal name S. Fernald, Peter
942 ## - ADDED ENTRY ELEMENTS (KOHA)
Source of classification or shelving scheme Dewey Decimal Classification
Koha item type Books
Koha issues (borrowed), all copies 4
Holdings
Source of classification or shelving scheme Damaged status Not for loan Home library Current library Shelving location Date of accession Total Checkouts Full call number Barcode Date last seen Date checked out Copy number Koha item type
Dewey Decimal Classification     JCC Rouf Library JCC Rouf Library General Stacks 12/03/2017 5 150 MUN 1966 6684 02/15/2024 11/06/2023 C - 1 Books

JCC Library | Contacts | JCC Home

Last Update on 23 September 2017
Copyright @ 2017-2020 JCC Rouf Library
Rouf Library, Jhenidah Cadet College (JCC), Bangladesh